00861nam a2200217 a 4500001001000000003000400010005001700014008004100031020001800072040002500090082002200115100002600137245012600163260004300289300003400332500011100366500004900477504002700526650002900553710006100582000028483OSt20201210135201.0110408s2010 dr ab 000 0 spa d a9789945424492 aDO-SdBNPbspacBNPHU 4a613.96bP349k2221 aPeña, Dennisd1953-10aKama sutra dominicano :bconozca los puntos eróticos más importantes y la sexualidad del dominicano /cDennis Peña. aSanto Domingo :bASODOLIBRO,c[2010?]. a99 p. :bil., fots. ;c22 cm. aEdición especial para la XIII Feria Internacional del Libro dedicada a México y a Freddy Gatón Arce  aIncluye datos biográficos del autor (p. 2) aBibliografía : p. 99 4aRelaciones sexuales .z 2 aAsociación Dominicana de Libreros y Fines Incorporada